Normal view
MARC view
- Starr, A T
Entry Personal Name
001 - CONTROL NUMBER
- control field: 6499
003 - CONTROL NUMBER IDENTIFIER
- control field: OSt
005 - DATE AND TIME OF LATEST TRANSACTION
- control field: 20241218145126.0
008 - FIXED-LENGTH DATA ELEMENTS
- fixed length control field: 241218|| aca||aabn | a|a d
040 ## - CATALOGING SOURCE
- Original cataloging agency: OSt
- Transcribing agency: OSt
100 ## - HEADING--PERSONAL NAME
- Personal name: Starr, A T
670 ## - SOURCE DATA FOUND
- Source citation: Work cat.: (OSt)7337: Starr, A T ., Generation, Transmission and utilization of electrical power / , 1962.
